000 00952nam a2200229 a 4500
008 211206s2014 ||||||||||||||||| || u
020 _a9781780172774
050 _aHD 69 Bus
100 _aPaul, Debra
245 1 0 _aBusiness analysis (3rd edition)
_cEdited by Debra Paul; James Cadle and Donald Yeates
250 _a3rd edition
260 _aLondon
_bBCS Learning and Development Ltd
_c2014
300 _axxviii, 280 pages: illustrations
350 _a76.07
650 _aORGANIZATIONAL EFFECTIVENESS
650 0 _aBUSINESS PLANNING
650 _aBUSINESS ANALYSIS
700 _aYeates, Donald
700 _aCadle, James
995 _aMAIN LIBRARY OPEN ACCESS
_e751529
_FCBU-MAIN LIBRARY (Kitwe)
_I76.07
_jHD 69 Bus
_UAVAILABLE
_WDec 6, 2021
_y751529
_ZMain Library Open Access Collection
995 _aMAIN LIBRARY OPEN ACCESS
_e751528
_FCBU-MAIN LIBRARY (Kitwe)
_I76.07
_jHD 69 Bus
_UAVAILABLE
_WDec 6, 2021
_y751528
_ZMain Library Open Access Collection
999 _c77858
_d77858